Marketingová stratégia uvedenia nového produktu na trh diplomová práca

Salvato in:
Dettagli Bibliografici
Autore principale: Mácsadiová, Eva
Ente Autore: Ekonomická univerzita v Bratislave. Fakulta podnikového manažmentu
Altri autori: Mikušová, Nora, 1978-
Natura: Libro
Lingua:slovacco
Pubblicazione: Bratislava 2010
Tags: Aggiungi Tag
Nessun Tag, puoi essere il primo ad aggiungerne!!

MARC

LEADER 00000nam a2200000 4500
001 0122422
005 20240318122632.0
041 0 |a slo 
044 |a SK 
245 1 0 |a Marketingová stratégia uvedenia nového produktu na trh  |b diplomová práca  |c Eva Mácsadiová ; škol. Nora Mikušová 
264 1 |a Bratislava  |c 2010 
300 |a 73 s. 
100 1 |a Mácsadiová, Eva 
700 1 |a Mikušová, Nora, 1978- 
710 2 |a Ekonomická univerzita v Bratislave. Fakulta podnikového manažmentu